000 00427cam a2200181ua 4500
020 _c5.00
041 _ahin
_h
082 _a891.54
_bSUM/SW
100 _aSumitrananda, Pant.
245 _aSwarnagooli /
_cSumitranandan pant.
_hTextual Documents
250 _a2 /
_b.
260 _aDelhi :
_bRajkamal Prakashan ,
_c1959.
300 _a161 ; .
365 _a5.00
504 _a
942 _cBK
999 _c8435
_d8435